Szczegóły MARC21

1814 : krig, nederlag, frihet : Danmark-Norge under Napoleonskrigene /

003 -Nazwa inst., której nr kontr. jest w polu 001 [,]
    • @
    • Nazwa instytucji, której n kontrolny jest w polu 001
    • NUKAT
005 -DATA I CZAS OSTATNIEJ MODYFIKACJI [,]
    • @
    • pole kontrolne
    • 20241231115512.0
020 -Międzynarod. znormalizowany nr książki - ISBN [ , ]
    • a
    • Numer ISBN
    • 9788243008137 Find
040 -Instytucja sporządzająca opis [ , ]
    • a
    • Instytucja, która sporządziła opis (NP)
    • SZCZ U/AB
    • b
    • Język katalogowania
    • pol
    • e
    • Zasady katalogowania
    • rda
    • c
    • Instytucja, która sporządziła rekord (NP)
    • SZCZ U/ABs
942 -Rodzaj dokumentu [ , ]
    • c
    • Rodzaj dokumentu
    • Książka
100 -Hasło główne - nazwa osobowa [1, ]
    • a
    • Nazwa osobowa (NP)
    • Glenthøj, Rasmus
    • d
    • Daty biograficzne (NP)
    • (1977- ).
    • e
    • Rodzaj współpracy
    • Autor
    • 9
    • KHW
    • 505511
245 -Strefa tytułu i oznaczenia odpowiedzialności [1,0]
    • a
    • Tytuł
    • 1814 : Find
    • b
    • Ciąg dalszy tytułu (NP)
    • krig, nederlag, frihet : Danmark-Norge under Napoleonskrigene / Find
    • c
    • Pozostałe elementy strefy tytułu i oznaczenia odpowiedzialności (NP)
    • Rasmus Glenthøj, Morten Nordhagen Ottosen.
246 -Wariant tytułu [3,0]
    • a
    • Tytuł (NP)
    • Danmark-Norge under Napoleonskrigene
250 -Strefa wydania [ , ]
    • a
    • Oznaczenie wydania (NP)
    • 1. utgave, 2. opplag.
260 -Strefa adresu wydawniczego [ , ]
    • a
    • Miejsce wydania (P)
    • Oslo :
    • b
    • Nazwa wydawcy (P)
    • Spartacus Forlag,
    • c
    • Data wydania (P)
    • @ 2014.
300 -Strefa opisu fizycznego [ , ]
    • a
    • Określenie formy książki i/lub objętość (NP)
    • 391, [1] strona :
    • b
    • Oznaczenie ilustracji (NP)
    • ilustracje (w tym kolorowe) ;
    • c
    • Format (NP)
    • 25 cm.
336 -Typ zawartości [ , ]
    • a
    • Termin opisujący typ zawartości
    • Tekst
    • b
    • Kod określający zawartość
    • txt
    • 2
    • Źródło (terminu i kodu)
    • rdacontent
337 -Typ mediów [ , ]
    • a
    • Tryb odtwarzania
    • Bez urządzenia pośredniczącego
    • b
    • Kod typu mediów
    • n
    • 2
    • Źródło (terminu i kodu)
    • rdamedia
338 -Typ/rodzaj nośnika [ , ]
    • a
    • Hasło opisujące typ nośnika
    • Wolumin
    • b
    • Kod typu nośnika
    • nc
    • 2
    • Źródło (terminu i kodu)
    • rdacarrier
504 -Uwaga dot. bibliogr. załącznikowej [ , ]
    • a
    • Uwaga dot. bibliografii załącznikowej
    • Bibliografia na stronach 374-387. Indeks.
536 -Uwaga dot. finansowania książki [ , ]
    • a
    • Tekst uwagi
    • Boken er utgitt med støtte fra: Augustinus Fonden, Dronning Margrethes og Prins Henriks Fond, Den Hielmstierne-Rosencroneske Stiftelse, Kong Olav V's Fond, Letterstedtska föreningen, Norsk kulturfond, Stiftelsen Clara Lachmanns Fond
650 -Hasło przedmiotowe [ ,7]
    • a
    • Hasło przedmiotowe
    • Wojny napoleońskie (1800-1815).
    • 2
    • Źródło terminu
    • kaba
    • 9
    • KHW
    • 136294
651 -Hasło przedmiotowe w formie nazwy geograficznej [ ,7]
    • a
    • Nazwa geograficzna
    • Norwegia
    • x
    • Określnik rzeczowy
    • stosunki zagraniczne
    • z
    • Określnik geograficzny
    • Dania
    • y
    • Określnik chronologiczny
    • 1789-1815.
    • 2
    • Źródło terminu
    • kaba
    • 9
    • KHW
    • 505620
651 -Hasło przedmiotowe w formie nazwy geograficznej [ ,7]
    • a
    • Nazwa geograficzna
    • Dania
    • x
    • Określnik rzeczowy
    • stosunki zagraniczne
    • z
    • Określnik geograficzny
    • Norwegia
    • y
    • Określnik chronologiczny
    • 1789-1815.
    • 2
    • Źródło terminu
    • kaba
    • 9
    • KHW
    • 505619
651 -Hasło przedmiotowe w formie nazwy geograficznej [ ,7]
    • a
    • Nazwa geograficzna
    • Norwegia
    • x
    • Określnik rzeczowy
    • polityka i rządy
    • y
    • Określnik chronologiczny
    • 1789-1815.
    • 2
    • Źródło terminu
    • kaba
    • 9
    • KHW
    • 505621
651 -Hasło przedmiotowe w formie nazwy geograficznej [ ,7]
    • a
    • Nazwa geograficzna
    • Dania
    • x
    • Określnik rzeczowy
    • polityka i rządy
    • y
    • Określnik chronologiczny
    • 1789-1815.
    • 2
    • Źródło terminu
    • kaba
    • 9
    • KHW
    • 505622
700 -Hasło dodatkowe - nazwa osobowa [1, ]
    • a
    • Nazwa osobowa (NP)
    • Ottosen, Morten Nordhagen Find
    • d
    • Daty biograficzne (NP)
    • (1981- ).
    • e
    • Określenie rodzaju współpracy
    • Autor
    • 9
    • KHW
    • 505512
710 -Hasło dodatkowe - nazwa ciała zbiorowego [2, ]
    • a
    • Nazwa ciała zbiorowego lub nazwa geograficzna jako pierwszy element (NP)
    • Spartacus Forlag.
    • e
    • Rodzaj współpracy
    • Wydawca
    • 4
    • Kod relacji
    • pbl
    • 9
    • KHW
    • 504972
920 -ISBN [ , ]
    • a
    • ISBN
    • 978-82-43-00813-7 Find
Data inwentaryzacji Lokalizacja Numer inwentarzowy Sygnatura Status udost.
2019-07-10BMP.27423NOR. Kultura 271